Brawl Stars Brawlers - Tanks - Statistics

General Stats
  • This quiz has been taken 1,037 times
    558 since last reset
  • The average score is 8 of 13
Answer Stats
Answer % Correct
Frank
95%
El Primo
81%
Bull
75%
Hank
71%
Rosa
60%
Darryl
58%
Bibi
57%
Meg
53%
Jacky
47%
Buster
46%
Draco
46%
Ollie
42%
Ash
39%
No matching quizzes found
Score Distribution
Percent of People with Each Score
Percentile by Number Answered
Your Score History
You have not taken this quiz since the last reset